[Event "XXVI Festival A"]
[Site "Arco ITA"]
[Date "2014.10.07"]
[Round "4"]
[White "Hussain, Hashem"]
[Black "Moro, Roberto"]
[WhiteElo "1699"]
[BlackElo "1748"]
[Result "1-0"]
[PlyCount "77"]
[EventDate "2014.10.04"]

1. e4 c5 2. Nf3 Nc6 3. c3 e5 4. Bc4 Be7 5. d3 Nf6 6. O-O d6 7. h3 O-O 8. Na3 h6
9. Nc2 Nh7 10. Ne3 Kh8 11. Qc2 f5 12. exf5 Bxf5 13. Nxf5 Rxf5 14. d4 Rf8 15.
dxe5 Nxe5 16. Nxe5 dxe5 17. Be3 Qc7 18. Rad1 Rad8 19. Rxd8 Rxd8 20. Qg6 Bf6 21.
Bd3 Nf8 22. Qf5 Qe7 23. Bc2 b6 24. Rd1 Rxd1+ 25. Bxd1 Qe6 26. Qxe6 Nxe6 27. Bb3
Nc7 28. a4 g5 29. a5 Kg7 30. Kf1 Nb5 31. Ke2 Nd6 32. axb6 axb6 33. Bc2 Nc4 34.
Bc1 Kf7 35. Bb3 b5 36. Kd3 Ke7 37. Bxc4 bxc4+ 38. Kxc4 Kd6 39. Be3 1-0

[Event "XXVI Festival A"]
[Site "Arco ITA"]
[Date "2014.10.07"]
[Round "4"]
[White "Karl, Hans"]
[Black "Olivetti, Davide"]
[WhiteElo "2105"]
[BlackElo "1936"]
[Result "1/2-1/2"]
[PlyCount "29"]
[EventDate "2014.10.04"]

1. d4 Nf6 2. c4 g6 3. Nc3 Bg7 4. e4 O-O 5. Nf3 d6 6. Be2 e5 7. dxe5 dxe5 8. Bg5
Nbd7 9. Qc2 c6 10. Rd1 Qc7 11. h3 Re8 12. O-O Nf8 13. Be3 Ne6 14. Rfe1 b6 15.
Bf1 1/2-1/2

[Event "XXVI Festival A"]
[Site "Arco ITA"]
[Date "2014.10.07"]
[Round "4"]
[White "Knors, Rudi"]
[Black "Blasco, Domenico"]
[WhiteElo "2099"]
[BlackElo "1899"]
[Result "1-0"]
[PlyCount "53"]
[EventDate "2014.10.04"]

1. e4 g6 2. d4 Bg7 3. Nc3 a6 4. Be3 d6 5. Qd2 Nd7 6. Nge2 b5 7. f3 Bb7 8. a4 b4
9. Nd1 c5 10. c3 bxc3 11. bxc3 Qc7 12. Ng3 h5 13. Bd3 e5 14. d5 c4 15. Bc2 a5
16. O-O Ngf6 17. Nf2 O-O 18. Bh6 Nc5 19. Bxg7 Kxg7 20. Qg5 Bc8 21. Nf5+ Bxf5
22. exf5 Nh7 23. Qg3 g5 24. f6+ Kh8 25. Bxh7 Kxh7 26. Qxg5 Rh8 27. Qg7# 1-0

[Event "XXVI Festival A"]
[Site "Arco ITA"]
[Date "2014.10.07"]
[Round "4"]
[White "Krauss, Josef"]
[Black "Lezzerini, Marco"]
[WhiteElo "2158"]
[BlackElo "1994"]
[Result "0-1"]
[PlyCount "106"]
[EventDate "2014.10.04"]

1. e4 d6 2. d4 Nf6 3. Nc3 g6 4. Bc4 Bg7 5. Qe2 Nc6 6. e5 Nd7 7. Bxf7+ Kxf7 8.
e6+ Ke8 9. exd7+ Bxd7 10. Be3 Bxd4 11. Nf3 Bg4 12. Qd3 Bxf3 13. Bxd4 Nxd4 14.
gxf3 Nc6 15. O-O-O Qd7 16. Rhe1 Rf8 17. Nd5 Kf7 18. Qb3 e6 19. Nc3 Na5 20. Qb4
b6 21. h4 Nc6 22. Qa4 Ne5 23. Qf4+ Ke8 24. Qe4 Qc6 25. Qe3 Qxf3 26. Qd2 Qxf2
27. Re2 Qf4 28. Re3 Kd7 29. Ne2 Qf6 30. Rc3 Rad8 31. Kb1 Qxh4 32. Qe3 Nc6 33.
Qd3 Rf5 34. Qa6 Ra5 35. Qb7 Rc5 36. Rxc5 bxc5 37. Rf1 Qe7 38. Nc3 Rb8 39. Qa6
Qg7 40. Qd3 Ne5 41. Qe2 Nc6 42. Kc1 h5 43. Rf2 Nd4 44. Qf1 Nf5 45. Qh3 Qd4 46.
Re2 Qg1+ 47. Nd1 Qg4 48. Qf1 g5 49. Qe1 e5 50. c3 h4 51. Nf2 Qg3 52. Qh1 Qf4+
53. Kb1 Ng3 0-1

[Event "XXVI Festival A"]
[Site "Arco ITA"]
[Date "2014.10.07"]
[Round "4"]
[White "Ludwig, Timm"]
[Black "Nanni, Sergio"]
[WhiteElo "1649"]
[BlackElo "1720"]
[Result "0-1"]
[PlyCount "37"]
[EventDate "2014.10.04"]

1. d4 Nf6 2. Nc3 e5 3. dxe5 Ng4 4. Qd4 d6 5. Nf3 Nc6 6. Qe4 Ngxe5 7. Nxe5 dxe5
8. Bd2 a6 9. O-O-O Bd6 10. g3 O-O 11. h4 Be6 12. f4 f5 13. Qg2 Qe7 14. Nd5 Qf7
15. Bc3 e4 16. b3 Bxd5 17. e3 Be6 18. Be2 Rad8 19. g4 0-1

[Event "XXVI Festival A"]
[Site "Arco ITA"]
[Date "2014.10.07"]
[Round "4"]
[White "Martinez, Guido"]
[Black "Messina, Roberta"]
[WhiteElo "1856"]
[BlackElo "2006"]
[Result "1-0"]
[PlyCount "69"]
[EventDate "2014.10.04"]

1. d4 d5 2. c4 e6 3. e3 c6 4. Nc3 Nf6 5. Qc2 Nbd7 6. Nf3 Bd6 7. Bd3 dxc4 8.
Bxc4 b5 9. Bd3 Qc7 10. Bd2 Bb7 11. Rc1 a6 12. Ne4 Nxe4 13. Bxe4 Rc8 14. b4 h6
15. O-O O-O 16. Qb3 Nf6 17. Bb1 Rfd8 18. Rfd1 Qb8 19. h3 Qa8 20. e4 Bf8 21. e5
Nd5 22. Qd3 g6 23. Nh4 Nxb4 24. Bxb4 Bxb4 25. Nxg6 Rc7 26. Nf4 Kf8 27. Qh7 Ke8
28. Nxe6 fxe6 29. Qxc7 Rd7 30. Qb6 Ke7 31. Be4 Ba3 32. Rc3 Bb4 33. Rg3 Qd8 34.
Rg7+ Ke8 35. Rg8+ 1-0

[Event "XXVI Festival A"]
[Site "Arco ITA"]
[Date "2014.10.07"]
[Round "4"]
[White "Modena, Giorgio"]
[Black "Anguera Maestro, Jaime"]
[WhiteElo "1920"]
[BlackElo "2058"]
[Result "0-1"]
[PlyCount "204"]
[EventDate "2014.10.04"]

1. e4 e5 2. Nf3 Nc6 3. Bb5 a6 4. Ba4 d6 5. c3 Bd7 6. d3 g6 7. Nbd2 Bg7 8. Nf1
Nge7 9. Ne3 O-O 10. O-O h6 11. b4 f5 12. Bb3+ Kh7 13. Bd2 f4 14. Nc2 g5 15. h3
Ng6 16. Kh2 Bf6 17. g4 Kg7 18. Rh1 Rh8 19. Ng1 Nh4 20. Nf3 Ng6 21. Ng1 Nce7 22.
Kg2 Nh4+ 23. Kf1 Qe8 24. Ne1 h5 25. f3 Neg6 26. Rh2 Rh6 27. Ng2 hxg4 28. hxg4
Nxg2 29. Rxg2 Rh1 30. Be1 Qh8 31. Ke2 c6 32. Kd2 Rxg1 33. Rxg1 Qh2+ 34. Bf2
Qxf2+ 35. Qe2 Qxe2+ 36. Kxe2 Rh8 37. Rh1 Rxh1 38. Rxh1 Nf8 39. Kd2 Be6 40. Kc2
Bxb3+ 41. Kxb3 Ng6 42. Rf1 Nh4 43. Rf2 Kf7 44. a4 Ke6 45. b5 axb5 46. axb5 Bd8
47. bxc6 bxc6 48. c4 Bb6 49. Rf1 Be3 50. Kc2 Kd7 51. Kd1 Kc7 52. Ke2 Bd4 53.
Rb1 Kc8 54. Rh1 Bb6 55. Ra1 Bc7 56. Rb1 Kd7 57. Kf2 Ng6 58. Rh1 Bd8 59. Rh7+
Be7 60. Rh1 Nf8 61. Ra1 Bd8 62. Rh1 Ne6 63. Rh7+ Be7 64. Ke2 Nd4+ 65. Kf2 Ke6
66. Rh6+ Kf7 67. Rh7+ Kf6 68. Rh6+ Kg7 69. Rh1 Bd8 70. Rb1 Ba5 71. Rb7+ Kf6 72.
Rb8 Bd2 73. Rf8+ Ke7 74. Rc8 Bb4 75. Rc7+ Kf6 76. Rh7 Bc5 77. Kg2 Ne2 78. Rc7
Nc1 79. Rxc6 Nxd3 80. Kf1 Nb2 81. Rc8 Nxc4 82. Rf8+ Kg7 83. Rb8 Ne3+ 84. Ke2
Nc2 85. Kf1 Nd4 86. Kg2 Kf7 87. Ra8 Ke7 88. Rg8 Ne6 89. Rg6 Bb6 90. Rh6 Bd8 91.
Rh7+ Ke8 92. Ra7 Nc7 93. Ra1 Kd7 94. Rh1 d5 95. exd5 Nxd5 96. Rh6 Bf6 97. Kf2
Kd6 98. Ke2 Ke6 99. Kd3 Nb6 100. Rg6 Nd7 101. Kc4 e4 102. fxe4 Ne5+ 0-1

[Event "XXVI Festival A"]
[Site "Arco ITA"]
[Date "2014.10.07"]
[Round "4"]
[White "Perman, Sergey"]
[Black "Bruno, Fabio"]
[WhiteElo "2150"]
[BlackElo "2422"]
[Result "0-1"]
[PlyCount "100"]
[EventDate "2014.10.04"]

1. e4 e6 2. d4 d5 3. Nc3 Bb4 4. e5 Ne7 5. a3 Bxc3+ 6. bxc3 b6 7. Qg4 Ng6 8. h4
h5 9. Qg3 Ba6 10. Bxa6 Nxa6 11. Qd3 Nb8 12. Nf3 Qd7 13. c4 dxc4 14. Qxc4 Nc6
15. Bg5 Na5 16. Qb4 Qd5 17. O-O Nc4 18. Rfd1 a5 19. Qc3 O-O 20. Qe1 f6 21. exf6
gxf6 22. Bh6 Rf7 23. Qe2 Rh7 24. Bc1 Kf7 25. Re1 Rg8 26. Qe4 Nd6 27. Qxd5 exd5
28. Kf1 Re8 29. Rxe8 Kxe8 30. g3 Re7 31. Be3 Ne4 32. Ke2 Re6 33. Re1 Rc6 34.
Bd2 Rxc2 35. Rc1 Rxc1 36. Bxc1 Kf7 37. Be3 a4 38. Kd3 c5 39. dxc5 bxc5 40. Nd2
Ne5+ 41. Kc2 Nxd2 42. Bxd2 d4 43. Bf4 Ke6 44. Bh6 c4 45. Bf8 f5 46. Bg7 Kd5 47.
Kd2 Nf3+ 48. Ke2 Ke4 49. Bf6 c3 50. Bg5 c2 0-1

[Event "XXVI Festival A"]
[Site "Arco ITA"]
[Date "2014.10.07"]
[Round "4"]
[White "Pipitone, Antonio"]
[Black "Trauth, Michael"]
[WhiteElo "1955"]
[BlackElo "2166"]
[Result "0-1"]
[PlyCount "64"]
[EventDate "2014.10.04"]

1. e4 c5 2. Nf3 Nc6 3. d4 cxd4 4. Nxd4 g6 5. Nc3 Bg7 6. Be3 Nf6 7. Bc4 O-O 8.
O-O Nxe4 9. Bxf7+ Rxf7 10. Nxe4 Bxd4 11. Bxd4 d5 12. Ng5 Rf5 13. h4 e5 14. Bc3
h6 15. Nf3 d4 16. Bd2 e4 17. Bxh6 exf3 18. Bg5 Qd5 19. g3 Rf8 20. Qd2 Qf5 21.
Qd3 Qxd3 22. cxd3 Bf5 23. Rad1 Rfe8 24. Rd2 Re2 25. Rfd1 Rae8 26. a3 Ne5 27.
Rc1 Ng4 28. Rxe2 fxe2 29. Bd2 Ne5 30. Be1 Nxd3 31. Ra1 Nxe1 32. Rxe1 d3 0-1

[Event "XXVI Festival A"]
[Site "Arco ITA"]
[Date "2014.10.07"]
[Round "4"]
[White "Pistone, Salvatore"]
[Black "Perman, Denis"]
[WhiteElo "1561"]
[BlackElo "1835"]
[Result "0-1"]
[PlyCount "76"]
[EventDate "2014.10.04"]

1. e4 c5 2. d4 cxd4 3. Qxd4 Nc6 4. Qd1 g6 5. Nf3 Bg7 6. c3 d6 7. Bb5 Bd7 8. O-O
Nf6 9. Re1 O-O 10. Nbd2 a6 11. Ba4 Qc7 12. Nf1 Rfd8 13. Ne3 b5 14. Bc2 e6 15.
Qe2 Ne7 16. Bd3 Bc6 17. Nc2 d5 18. exd5 Nexd5 19. Ncd4 Bb7 20. g3 Rac8 21. Bg5
h6 22. Bd2 Nd7 23. Nxe6 fxe6 24. Qxe6+ Kh8 25. Nh4 Nf8 26. Nxg6+ Nxg6 27. Qxg6
Nf6 28. Bxh6 Rf8 29. Bf5 Rcd8 30. Re3 Qf7 31. Bxg7+ Qxg7 32. Rae1 Qxg6 33. Bxg6
Rd2 34. R3e2 Rfd8 35. Bc2 Bf3 36. Rxd2 Rxd2 37. Bb3 Rxb2 38. Bd1 Rb1 0-1

[Event "XXVI Festival A"]
[Site "Arco ITA"]
[Date "2014.10.07"]
[Round "4"]
[White "Popa, Claudiu"]
[Black "Joerges, Frank"]
[WhiteElo "2119"]
[BlackElo "1949"]
[Result "1/2-1/2"]
[PlyCount "67"]
[EventDate "2014.10.04"]

1. e4 d5 2. exd5 Qxd5 3. Nc3 Qd6 4. d4 Nf6 5. Be2 a6 6. Bf3 h6 7. h4 Nc6 8.
Nge2 Bf5 9. Bf4 Qd7 10. a3 e6 11. Qd2 O-O-O 12. O-O-O Bd6 13. Bxd6 Qxd6 14. Qe3
Nd5 15. Nxd5 exd5 16. Nf4 Rhe8 17. Qd2 Be4 18. Rh3 Bxf3 19. Rxf3 Re4 20. Ne2
Rde8 21. Re3 Rxe3 22. fxe3 Qe7 23. Nf4 Qxe3 24. Qxe3 Rxe3 25. c3 Ne7 26. Rf1 f5
27. Kd2 Re4 28. h5 c6 29. g3 Kd7 30. Nd3 b6 31. Nf2 Re6 32. Nd3 Re4 33. Nf2 Re6
34. Nd3 1/2-1/2

[Event "XXVI Festival A"]
[Site "Arco ITA"]
[Date "2014.10.07"]
[Round "4"]
[White "Reyna Hernandez, Sandor"]
[Black "Bondielli, Giorgio"]
[WhiteElo "1941"]
[BlackElo "1822"]
[Result "1-0"]
[PlyCount "91"]
[EventDate "2014.10.04"]

1. d4 f5 2. Bg5 Nf6 3. Bxf6 exf6 4. c4 Bb4+ 5. Nc3 O-O 6. Nf3 Nc6 7. Qb3 Bxc3+
8. bxc3 Kh8 9. e3 b6 10. Bd3 d6 11. h4 Ne7 12. h5 Bb7 13. Qc2 Qd7 14. Rh4 Be4
15. Bxe4 fxe4 16. Qxe4 d5 17. cxd5 Nxd5 18. c4 Nb4 19. a4 Rae8 20. Qb1 a5 21.
Kf1 Qe6 22. d5 Qd6 23. Qb3 c6 24. Rd1 cxd5 25. cxd5 Rc8 26. Rc4 Rc5 27. Rxc5
bxc5 28. e4 Re8 29. Qc4 Rb8 30. Rb1 Kg8 31. g3 Kf8 32. Nh4 Qa6 33. Qxa6 Nxa6
34. Rxb8+ Nxb8 35. Nf5 c4 36. Ke2 Nd7 37. Ne3 Nb6 38. f4 Nxa4 39. Nxc4 Nc5 40.
Ke3 a4 41. g4 Ke7 42. e5 fxe5 43. fxe5 Nd7 44. Kd4 g6 45. hxg6 hxg6 46. g5 1-0

[Event "XXVI Festival A"]
[Site "Arco ITA"]
[Date "2014.10.07"]
[Round "4"]
[White "Ricci, Alfredo"]
[Black "Satter, Manfred"]
[WhiteElo "1949"]
[BlackElo "1851"]
[Result "1-0"]
[PlyCount "69"]
[EventDate "2014.10.04"]

1. e4 c5 2. Nf3 Nc6 3. d4 cxd4 4. Nxd4 g6 5. Nxc6 bxc6 6. Bd3 Bg7 7. O-O Nf6 8.
Nc3 d6 9. Kh1 O-O 10. Qe1 a5 11. b3 Ba6 12. Bd2 Nd7 13. Bxa6 Rxa6 14. Rd1 Qc7
15. f4 e6 16. Rf3 d5 17. e5 Rb8 18. a4 Bf8 19. Ne2 c5 20. Qh4 Qd8 21. Qg4 h5
22. Qh3 Kg7 23. Be1 Be7 24. Nc3 d4 25. Ne4 Qc7 26. Bh4 Bxh4 27. Qxh4 Qd8 28.
Qe1 Qe7 29. Rg3 Raa8 30. Nd6 Nb6 31. f5 Kh7 32. f6 Qf8 33. Rh3 Nd5 34. Qd2 Nxf6
35. Rf3 1-0

[Event "XXVI Festival A"]
[Site "Arco ITA"]
[Date "2014.10.07"]
[Round "4"]
[White "Rondelli, Roberto"]
[Black "Weiland, Guenter"]
[WhiteElo "1756"]
[BlackElo "1953"]
[Result "0-1"]
[PlyCount "80"]
[EventDate "2014.10.04"]

1. Nf3 Nf6 2. d4 c5 3. d5 d6 4. c4 g6 5. Nc3 Bg7 6. e4 O-O 7. Be2 e6 8. O-O
exd5 9. exd5 Re8 10. Rb1 Na6 11. h3 Bf5 12. Bd3 Ne4 13. Bxe4 Bxe4 14. Nxe4 Rxe4
15. Qd3 Qe8 16. a3 Nc7 17. Bd2 b5 18. Rfe1 f5 19. b3 Rb8 20. Ng5 bxc4 21. bxc4
Rxb1 22. Qxb1 Rxe1+ 23. Qxe1 Qxe1+ 24. Bxe1 h6 25. Nf3 Bb2 26. Ba5 Ne8 27. a4
Kf7 28. Kf1 g5 29. g4 fxg4 30. hxg4 Nf6 31. Ke2 Nxg4 32. Bc7 Ke7 33. Ba5 Ne5
34. Nxe5 dxe5 35. Kf3 Kf6 36. Kg4 Kg6 37. f3 h5+ 38. Kh3 Kf5 39. Bd8 g4+ 40.
fxg4+ hxg4+ 0-1

[Event "XXVI Festival A"]
[Site "Arco ITA"]
[Date "2014.10.07"]
[Round "4"]
[White "Rotstein, Arkadij"]
[Black "De Santis, Alessio"]
[WhiteElo "2499"]
[BlackElo "2263"]
[Result "1-0"]
[PlyCount "93"]
[EventDate "2014.10.04"]

1. e4 b6 2. d4 Bb7 3. Nd2 e6 4. Ngf3 d6 5. Bd3 Nd7 6. Qe2 Ne7 7. Ba6 Bxa6 8.
Qxa6 Qc8 9. Qd3 Qb7 10. c4 Ng6 11. Nf1 Be7 12. Ng3 c5 13. d5 Nde5 14. Nxe5 Nxe5
15. Qe2 exd5 16. cxd5 g6 17. Bh6 Bf8 18. Bxf8 Rxf8 19. O-O O-O-O 20. b4 h5 21.
bxc5 dxc5 22. f4 Ng4 23. h3 Nf6 24. Qf3 Rfe8 25. Rfe1 Qe7 26. e5 Nxd5 27. Ne4
f5 28. Nd6+ Rxd6 29. exd6 Qxe1+ 30. Rxe1 Rxe1+ 31. Kf2 Re4 32. Qb3 Rxf4+ 33.
Kg1 Rd4 34. Qb5 Kd8 35. Qc6 h4 36. Kh2 g5 37. Qb7 a5 38. d7 Nc7 39. Qc8+ Ke7
40. Qxc7 Rxd7 41. Qxb6 Rd5 42. Qxa5 f4 43. Qb6 Kd7 44. a4 f3 45. gxf3 c4 46.
Qb4 Rd4 47. a5 1-0

[Event "XXVI Festival A"]
[Site "Arco ITA"]
[Date "2014.10.07"]
[Round "4"]
[White "Sigillo, Carmelo"]
[Black "Milano, Maria"]
[WhiteElo "1737"]
[BlackElo "1614"]
[Result "1-0"]
[PlyCount "43"]
[EventDate "2014.10.04"]

1. e4 e6 2. d3 d5 3. Nd2 Nf6 4. Ngf3 Be7 5. g3 O-O 6. Bg2 c5 7. O-O Nc6 8. Re1
Re8 9. e5 Nd7 10. Nf1 b6 11. h4 Qc7 12. Bf4 Bb7 13. N1h2 Rac8 14. h5 h6 15. Ng4
Nf8 16. Qd2 Nh7 17. Bxh6 gxh6 18. Nxh6+ Kf8 19. Bh3 Bd8 20. Qf4 Qe7 21. Nh4 Kg7
22. N6f5+ 1-0

[Event "XXVI Festival A"]
[Site "Arco ITA"]
[Date "2014.10.07"]
[Round "4"]
[White "Sigmund, Ingenuin"]
[Black "Ottaviani, Gianluca"]
[WhiteElo "1802"]
[BlackElo "1982"]
[Result "0-1"]
[PlyCount "104"]
[EventDate "2014.10.04"]

1. e4 e5 2. Nf3 Nc6 3. d4 exd4 4. Bc4 Bc5 5. c3 Nf6 6. O-O Nxe4 7. cxd4 d5 8.
dxc5 dxc4 9. Qe2 Qe7 10. Qxc4 Nxc5 11. Bg5 f6 12. Be3 Ne4 13. Nc3 Nxc3 14. Bc5
Ne2+ 15. Kh1 Qe6 16. Qc2 Nf4 17. Rfe1 Ne5 18. Qa4+ Qc6 19. Qxf4 Qxc5 20. Nxe5
O-O 21. Nd3 Qb5 22. Rad1 Rd8 23. a4 Qb3 24. Rd2 Rxd3 25. Qxc7 Bf5 26. Rde2 Rd1
27. Qa5 Rxe1+ 28. Rxe1 Bg6 29. h4 Qb6 30. Qd5+ Bf7 31. Qf5 Rd8 32. Re2 Rd1+ 33.
Kh2 Qd6+ 34. f4 Qd7 35. Qc5 Rd5 36. Qxa7 h5 37. b4 Qg4 38. Qf2 Rf5 39. Re4 Kh7
40. b5 Rd5 41. Re7 Rd7 42. Re3 Rd4 43. Rf3 Rc4 44. a5 Bd5 45. a6 bxa6 46. bxa6
Bxf3 47. gxf3 Qxf4+ 48. Kh3 Qf5+ 49. Kg3 Qe5+ 50. Kg2 Qc5 51. Qe1 Rc2+ 52. Kg3
Qe5+ 0-1

[Event "XXVI Festival A"]
[Site "Arco ITA"]
[Date "2014.10.07"]
[Round "4"]
[White "Simeone, Giulio"]
[Black "Beltrami, Nerio"]
[WhiteElo "1991"]
[BlackElo "1909"]
[Result "1-0"]
[PlyCount "63"]
[EventDate "2014.10.04"]

1. c4 e5 2. Nc3 Nc6 3. Nf3 f5 4. d3 Nf6 5. g3 Bb4 6. Bg2 Bxc3+ 7. bxc3 d6 8.
Rb1 O-O 9. O-O Qe8 10. Qb3 b6 11. Ng5 Na5 12. Qc2 Rb8 13. Ba3 Qh5 14. Nf3 f4
15. c5 dxc5 16. Bxc5 Re8 17. Bb4 Nc6 18. Rfc1 Bf5 19. Nh4 Bd7 20. Bf3 Qh6 21.
Nf5 Qh3 22. Nh4 Ng4 23. Bxg4 Bxg4 24. Qd1 g5 25. Nf3 Qh5 26. Qb3+ Be6 27. Qa4
b5 28. Qc2 Bd5 29. Re1 e4 30. dxe4 Bxe4 31. Qb3+ Bd5 32. Qxd5+ 1-0

[Event "XXVI Festival A"]
[Site "Arco ITA"]
[Date "2014.10.07"]
[Round "4"]
[White "Sprea, Giuseppe"]
[Black "Pedersen, Henrik Bolding"]
[WhiteElo "1938"]
[BlackElo "2142"]
[Result "0-1"]
[PlyCount "96"]
[EventDate "2014.10.04"]

1. d4 Nf6 2. c4 e6 3. Nf3 d5 4. g3 Be7 5. Bg2 O-O 6. O-O dxc4 7. Qc2 a6 8. Qxc4
b5 9. Qc2 Bb7 10. Rd1 Be4 11. Qb3 Nc6 12. Bg5 Bd5 13. Qe3 Nb4 14. Bxf6 Bxf6 15.
Ne1 Bxg2 16. Kxg2 c5 17. a3 cxd4 18. Qf3 Nd5 19. Nd2 Qb6 20. Nd3 Rac8 21. Rac1
a5 22. Nf4 Nxf4+ 23. gxf4 Rfd8 24. Qd3 Qd6 25. Rxc8 Rxc8 26. e3 Qc6+ 27. e4 Qc2
28. Qxc2 Rxc2 29. e5 Be7 30. Nb3 Rxb2 31. Nxd4 g6 32. Nc6 Bxa3 33. Rd7 Bb4 34.
Rb7 Bc5 35. Nd8 a4 36. Nxf7 a3 37. Ng5 a2 38. Rb8+ Bf8 39. Nxe6 Kf7 40. Ng5+
Ke7 41. Ra8 Kd7 42. Nxh7 Bc5 43. Nf6+ Ke6 44. Ra6+ Kf5 45. Nd5 Rxf2+ 46. Kg3
Rd2 47. Nc3 Rd3+ 48. Kg2 Rxc3 0-1

[Event "XXVI Festival A"]
[Site "Arco ITA"]
[Date "2014.10.07"]
[Round "4"]
[White "Stiefel, Roland"]
[Black "Sprotte, Norbert"]
[WhiteElo "2037"]
[BlackElo "2186"]
[Result "1/2-1/2"]
[PlyCount "80"]
[EventDate "2014.10.04"]

1. d4 Nf6 2. Nf3 c5 3. c3 Qb6 4. e3 d6 5. Bd3 g6 6. O-O Bg7 7. Nbd2 O-O 8. Qe2
Nc6 9. Nc4 Qc7 10. e4 cxd4 11. cxd4 d5 12. exd5 Nxd5 13. Be4 Rd8 14. Be3 Nf6
15. Bxc6 Qxc6 16. Nce5 Qd6 17. Ng5 Be6 18. Qb5 Bd5 19. Rac1 a6 20. Qa5 Nd7 21.
Nd3 Bc6 22. Nb4 Bb5 23. Rfe1 Rdc8 24. Qa3 Nf6 25. Qb3 e6 26. a4 a5 27. Rc5 Bd7
28. Nd3 h6 29. Bf4 Qa6 30. Nf3 Nd5 31. Be5 b6 32. Rxc8+ Rxc8 33. Bxg7 Kxg7 34.
Nde5 Be8 35. Nd2 b5 36. Ne4 bxa4 37. Qg3 Qe2 38. Nd3 Qc2 39. Nec5 Qd2 40. Qe5+
Kh7 1/2-1/2

[Event "XXVI Festival A"]
[Site "Arco ITA"]
[Date "2014.10.07"]
[Round "4"]
[White "Valenti, Giuseppe"]
[Black "Paleologu, Vladimir"]
[WhiteElo "2101"]
[BlackElo "2170"]
[Result "1/2-1/2"]
[PlyCount "56"]
[EventDate "2014.10.04"]

1. e4 e5 2. Nf3 Qe7 3. Nc3 c6 4. d4 d6 5. h3 Nf6 6. Bg5 Nbd7 7. Be2 h6 8. Bh4
g5 9. Bg3 Nh5 10. Bh2 Nf4 11. Bxf4 gxf4 12. Qd2 Rg8 13. Rg1 b5 14. d5 b4 15.
dxc6 bxc3 16. cxd7+ Bxd7 17. Qxc3 Rc8 18. Qb3 d5 19. O-O-O d4 20. Nxd4 exd4 21.
Rxd4 f3 22. Bxf3 Bg7 23. Rxd7 Qxd7 24. Bg4 Qc6 25. Bxc8 Qxc8 26. Qa4+ Kf8 27.
Qb4+ Ke8 28. Qa4+ Kf8 1/2-1/2

[Event "XXVI Festival A"]
[Site "Arco ITA"]
[Date "2014.10.07"]
[Round "4"]
[White "Vezzosi, Paolo"]
[Black "Astengo, Corrado"]
[WhiteElo "2284"]
[BlackElo "2129"]
[Result "1-0"]
[PlyCount "157"]
[EventDate "2014.10.04"]

1. c4 e6 2. Nc3 d5 3. d4 Nf6 4. Bg5 Nbd7 5. cxd5 exd5 6. e3 Be7 7. Bd3 c6 8.
Qc2 Nf8 9. Nge2 Bg4 10. Nf4 Ne6 11. Nxe6 Bxe6 12. O-O h6 13. Bxf6 Bxf6 14. b4
Rc8 15. Na4 O-O 16. Rac1 Be7 17. Qb3 a6 18. Nc5 Bxc5 19. bxc5 Rc7 20. Rb1 Qf6
21. Qc2 Re7 22. Rb3 Rfe8 23. Rfb1 Bc8 24. Qd1 Qg5 25. Qf3 g6 26. h3 Re6 27. Kh2
Rf6 28. Qg3 Qxg3+ 29. Kxg3 Kg7 30. h4 h5 31. Bc2 Rfe6 32. Re1 f5 33. Kf3 Kf6
34. g3 R6e7 35. Ke2 Re6 36. Kd2 Ke7 37. Reb1 Kd8 38. Ke2 Kc7 39. Kf3 R8e7 40.
Kf4 Re8 41. Kg5 R8e7 42. Bd3 Re8 43. R3b2 R8e7 44. Re1 Bd7 45. a3 Bc8 46. Rbe2
Rd7 47. Rb2 Rde7 48. Kf4 Re8 49. Kf3 R8e7 50. Ke2 Re8 51. Kd2 Rf8 52. Kc3 Rfe8
53. Rbe2 R6e7 54. Kb4 Rd8 55. a4 Rf7 56. a5 Re7 57. Kc3 Rde8 58. f3 Kd8 59. e4
fxe4 60. fxe4 Bg4 61. Re3 dxe4 62. Rxe4 Rxe4 63. Rxe4 Rf8 64. Rf4 Rg8 65. Rf7
Kc8 66. Re7 Rf8 67. Be4 Bf5 68. Kd3 Bg4 69. Bxg6 Rf3+ 70. Re3 Rf1 71. Re8+ Kd7
72. Rh8 Rf3+ 73. Ke4 Rxg3 74. Bxh5 Bxh5 75. Rxh5 Ra3 76. Rh7+ Kc8 77. h5 Rxa5
78. h6 Ra1 79. Rg7 1-0

[Event "XXVI Festival A"]
[Site "Arco ITA"]
[Date "2014.10.07"]
[Round "4"]
[White "Wagner, Frank"]
[Black "De Nisi, Giuseppe"]
[WhiteElo "1898"]
[BlackElo "1771"]
[Result "1-0"]
[PlyCount "63"]
[EventDate "2014.10.04"]

1. Nf3 Nf6 2. c4 d6 3. g3 g6 4. Bg2 Bg7 5. O-O O-O 6. Nc3 c6 7. d4 Bg4 8. h3
Bxf3 9. Bxf3 Nbd7 10. Qb3 Qb6 11. Qd1 Ne8 12. e3 e5 13. d5 f5 14. e4 Nc5 15.
Na4 Nxa4 16. Qxa4 fxe4 17. Bxe4 Nf6 18. Bg2 cxd5 19. cxd5 Qd8 20. Bg5 h6 21.
Be3 a6 22. Rac1 Rc8 23. Qb4 Qe7 24. Qd2 Kh7 25. Rfe1 Rxc1 26. Rxc1 Qd7 27. Qb4
Rf7 28. Bb6 Ne8 29. h4 Qe7 30. Be4 h5 31. Rc8 Qf6 32. Rxe8 1-0

[Event "XXVI Festival A"]
[Site "Arco ITA"]
[Date "2014.10.07"]
[Round "4"]
[White "Zangrando, Gianpietro"]
[Black "Reinert, Stephane"]
[WhiteElo "1864"]
[BlackElo "2059"]
[Result "0-1"]
[PlyCount "56"]
[EventDate "2014.10.04"]

1. c4 Nc6 2. g3 d5 3. cxd5 Qxd5 4. Nf3 Nf6 5. Bg2 Qh5 6. Qa4 e5 7. d4 Bd7 8.
dxe5 Nxe5 9. Qb3 Bc6 10. Bf4 Bd6 11. Bxe5 Bxe5 12. Nbd2 O-O 13. O-O Bd6 14.
Rfe1 Rfe8 15. Qc2 Rad8 16. a3 Bc5 17. e4 Rxd2 18. Qxd2 Nxe4 19. Rxe4 Rxe4 20.
b4 Bb6 21. Re1 f5 22. Qa2+ Kf8 23. Rd1 Re8 24. Qb3 Re2 25. Rd8+ Be8 26. Nd4
Bxd4 27. Rxd4 Re1+ 28. Bf1 Qe2 0-1

[Event "XXVI Festival A"]
[Site "Arco ITA"]
[Date "2014.10.07"]
[Round "4"]
[White "Zenatto, Giuliano"]
[Black "Gulinelli, Euro"]
[WhiteElo "1732"]
[BlackElo "1632"]
[Result "1/2-1/2"]
[PlyCount "64"]
[EventDate "2014.10.04"]

1. d4 d5 2. Nf3 Nf6 3. c4 e6 4. e3 c5 5. cxd5 exd5 6. dxc5 Bxc5 7. a3 O-O 8. b4
Bb6 9. Be2 Nc6 10. Bb2 Bg4 11. O-O Bc7 12. h3 Bh5 13. Nd4 Bxe2 14. Qxe2 Qd6 15.
g3 Nxd4 16. Bxd4 Ne4 17. Nd2 Rfe8 18. Rac1 Re6 19. Nxe4 Rxe4 20. Rc2 Bb6 21.
Bxb6 axb6 22. Rfc1 Ree8 23. Qf3 Rxa3 24. Rc8 Ra8 25. Rxa8 Rxa8 26. Qf5 g6 27.
Rc8+ Rxc8 28. Qxc8+ Kg7 29. Qxb7 d4 30. exd4 Qxd4 31. Qe7 b5 32. Kf1 Qc4+
1/2-1/2

[Event "XXVI Festival A"]
[Site "Arco ITA"]
[Date "2014.10.07"]
[Round "4"]
[White "Ziltener, Werner"]
[Black "Moratto, Davide"]
[WhiteElo "1997"]
[BlackElo "1796"]
[Result "1-0"]
[PlyCount "111"]
[EventDate "2014.10.04"]

1. d4 d5 2. c4 c6 3. Nf3 Nf6 4. Nc3 Nbd7 5. cxd5 cxd5 6. Bf4 a6 7. Qb3 e6 8. h3
Be7 9. e3 O-O 10. Bd3 b5 11. O-O Bb7 12. Rac1 Rc8 13. Ne2 Qa5 14. Rxc8 Rxc8 15.
Rc1 Rxc1+ 16. Nxc1 Ne4 17. Qc2 Qd8 18. Nb3 Qc8 19. Qb1 h6 20. Ne5 Nxe5 21. Bxe5
f6 22. Bh2 f5 23. f3 Nf6 24. Qe1 g6 25. Qg3 Nh5 26. Qe5 Kf7 27. g4 Bf6 28. Qc7+
Qxc7 29. Bxc7 Ng7 30. Nc5 Bc8 31. Be5 Ne8 32. Kf2 Ng7 33. Ke2 Ke7 34. Kd2 Ne8
35. Kc3 Bxe5 36. dxe5 Nc7 37. Kb4 Kd8 38. Ka5 Ke7 39. Kb6 Kd8 40. Kc6 Ne8 41.
gxf5 exf5 42. Kxd5 h5 43. Ne6+ Ke7 44. Ng5 Ng7 45. f4 h4 46. Kc6 Ne8 47. Nf3
Be6 48. b3 Kd8 49. Nxh4 Nc7 50. Nxf5 a5 51. h4 a4 52. Nd4 Bd7+ 53. Kc5 Na6+ 54.
Kb6 Nb4 55. Bxb5 axb3 56. axb3 1-0

[Event "XXVI Festival A"]
[Site "Arco ITA"]
[Date "2014.10.07"]
[Round "4"]
[White "Zucchelli, Massimo"]
[Black "Cardarelli, Angelo"]
[WhiteElo "2190"]
[BlackElo "2041"]
[Result "1/2-1/2"]
[PlyCount "38"]
[EventDate "2014.10.04"]

1. d4 Nf6 2. c4 e6 3. Nc3 Bb4 4. e3 O-O 5. Bd3 d5 6. Nge2 Re8 7. O-O Bd6 8. Ng3
c6 9. b3 Nbd7 10. Bb2 e5 11. cxd5 cxd5 12. Nb5 Bb8 13. dxe5 Bxe5 14. Bxe5 Nxe5
15. Rc1 Nc6 16. Qd2 a6 17. Nd4 Nxd4 18. exd4 Qd6 19. Rc2 Bd7 1/2-1/2

[Event "XXVI Festival A"]
[Site "Arco ITA"]
[Date "2014.10.08"]
[Round "5"]
[White "Ager, Josef"]
[Black "Ricci, Alfredo"]
[WhiteElo "2125"]
[BlackElo "1949"]
[Result "1-0"]
[PlyCount "49"]
[EventDate "2014.10.04"]

1. d4 c5 2. d5 Nf6 3. Nc3 a6 4. a4 g6 5. e4 d6 6. Nge2 Bg7 7. Ng3 O-O 8. Be2 e6
9. O-O exd5 10. exd5 Nbd7 11. h3 Re8 12. Bg5 b6 13. Qd2 Qc7 14. Rac1 Bb7 15.
Rfd1 Rac8 16. Bh6 Bh8 17. Bc4 b5 18. axb5 Nb6 19. b3 a5 20. Re1 Rxe1+ 21. Rxe1
Ra8 22. Nf5 Nc8 23. g4 Qd8 24. Qe3 Rb8 25. g5 1-0